| 000 | 00690nam a22002537a 4500 | ||
|---|---|---|---|
| 005 | 20170124110207.0 | ||
| 010 | _aB-041384 | ||
| 020 | _c00.00 | ||
| 035 | _aB-041384 | ||
| 037 | _bCen Lib/Ret | ||
| 040 |
_aDPL _bEN |
||
| 082 |
_a005.754 _bMCS |
||
| 100 |
_aMcs _937584 |
||
| 245 |
_aMcse training kit networking essentials plus / _cby Mcs |
||
| 250 | _a3rd ed | ||
| 260 |
_aDelhi _c1991 |
||
| 270 |
_aDelhi _bDelhi _e110026 |
||
| 300 |
_axxxvi,675p. : _c22cm(Hb) _bill. |
||
| 500 | _aIncludes glossary and index | ||
| 650 |
_aComputer networks _98333 |
||
| 650 |
_aComputer networks--Examinations _937585 |
||
| 700 | _96520 | ||
| 942 |
_2ddc _cEN _h005.754 _mMCS |
||
| 999 |
_c133317 _d133317 |
||